Textile Science An Introductory Manual (Record no. 4518)

MARC details
000 -LEADER
fixed length control field 00323nam a2200133Ia 4500
008 - FIXED-LENGTH DATA ELEMENTS--GENERAL INFORMATION
fixed length control field 191201s1953 xx 000 0 und d
082 ## - DEWEY DECIMAL CLASSIFICATION NUMBER
Classification number 677
Item number MAT
100 ## - MAIN ENTRY--PERSONAL NAME
Personal name MARSH, J .T
245 #0 - TITLE STATEMENT
Title Textile Science An Introductory Manual
260 ## - PUBLICATION, DISTRIBUTION, ETC. (IMPRINT)
Place of publication, distribution, etc London
Name of publisher, distributor, etc Chapman
Date of publication, distribution, etc 1953
300 ## - PHYSICAL DESCRIPTION
Extent 388
650 ## - SUBJECT ADDED ENTRY--TOPICAL TERM
Topical term or geographic name as entry element B.Tech(TE)
942 ## - ADDED ENTRY ELEMENTS (KOHA)
Source of classification or shelving scheme Dewey Decimal Classification
Koha item type Text Books
Holdings
Withdrawn status Lost status Source of classification or shelving scheme Damaged status Not for loan Collection code Home library Current library Date acquired Source of acquisition Cost, normal purchase price Bill Number Total Checkouts Acc. no. / Barcode Date last seen Bill Date Koha item type Full call number Date last borrowed
    Dewey Decimal Classification     B.Tech(TE) PIET C-LIBRARY PIET C-LIBRARY 06/04/2009 Indian International Text Book 875.00 105   12254 04/12/2019 02/02/2009 Text Books    
    Dewey Decimal Classification     B.Tech(TE) PIET C-LIBRARY PIET C-LIBRARY 06/04/2009 Indian International Text Book 875.00 105   12255 04/12/2019 02/02/2009 Text Books    
    Dewey Decimal Classification     B.Tech(TE) PIET C-LIBRARY PIET C-LIBRARY 27/04/2010 Indian International Text Book 801.00 1285   15382 04/12/2019 19/02/2010 Text Books 677 MAT  
    Dewey Decimal Classification     B.Tech(TE) PIET C-LIBRARY PIET C-LIBRARY 27/04/2010 Indian International Text Book 801.00 1285 1 15383 24/11/2020 19/02/2010 Text Books 677 MAT 11/11/2020
    Dewey Decimal Classification     B.Tech(TE) PIET C-LIBRARY PIET C-LIBRARY 27/04/2010 Indian International Text Book 801.00 1285   15384 04/12/2019 19/02/2010 Text Books 677 MAT  

Design & Developed by: PIET Central Library
R70 Miles Stone Pattikalyana Samalkha Panipat 132102
mail ID :- [email protected], Phone No:- 0180-2569700 Ex.216